Matsav ha-Yehudim bi-Verit ha-moʻatsot : (Record no. 31083)

MARC details
000 -LEADER
fixed length control field 00815cam a22002171 4500
001 - CONTROL NUMBER
control field he 65000635
003 - CONTROL NUMBER IDENTIFIER
control field DLC
005 - DATE AND TIME OF LATEST TRANSACTION
control field 20260227111430.0
008 - FIXED-LENGTH DATA ELEMENTS--GENERAL INFORMATION
fixed length control field 840227s1964 is 000 0 heb
010 ## - LIBRARY OF CONGRESS CONTROL NUMBER
LC control number he 65000635
035 ## - SYSTEM CONTROL NUMBER
System control number (OCoLC)19208808
040 ## - CATALOGING SOURCE
Original cataloging agency DLC
Transcribing agency MH
Modifying agency DLC
042 ## - AUTHENTICATION CODE
Authentication code premarc
050 00 - LIBRARY OF CONGRESS CALL NUMBER
Classification number DS135.R9
Item number M34
245 00 - TITLE STATEMENT
Title Matsav ha-Yehudim bi-Verit ha-moʻatsot :
Remainder of title din ṿe-ḥeshbon shel tseṿet-meḥḳar sotsyalisṭi benleʼumi, April 1964.
260 ## - PUBLICATION, DISTRIBUTION, ETC.
Place of publication, distribution, etc. [Tel Aviv] :
Name of publisher, distributor, etc. [ha-Histadrut ha-kelalit shel ha-ʻovdim ha-ʻIvrim be-Erets Yiśraʼel, ha-Vaʻad ha-poʻel, ha-Merkaz le-tarbut ule-ḥinukh,
Date of publication, distribution, etc. [1964]
300 ## - PHYSICAL DESCRIPTION
Extent 43 p. ;
Dimensions 21 cm.
650 #0 - SUBJECT ADDED ENTRY--TOPICAL TERM
Topical term or geographic name entry element Jews
Geographic subdivision Soviet Union.
710 2# - ADDED ENTRY--CORPORATE NAME
Corporate name or jurisdiction name as entry element Histadrut ha-kelalit shel ha-ʻovdim ha-ʻIvrim be-Erets-Yiśraʼel.
752 ## - ADDED ENTRY--HIERARCHICAL PLACE NAME
Country or larger entity Israel
City Tel Aviv

No items available.

Powered by Koha